<?xml version="1.0" encoding="UTF-8"?>
<marc:record xmlns:marc="http://www.loc.gov/MARC21/slim">
   <marc:leader>00000nam a2200000 a 4500</marc:leader>
   <marc:datafield ind1="1" ind2=" " tag="100">
      <marc:subfield code="a">Karner, Brigitte</marc:subfield>
      <marc:subfield code="4">aut</marc:subfield>
      <marc:subfield code="e">Verfasser/-in</marc:subfield>
   </marc:datafield>
   <marc:datafield ind1=" " ind2=" " tag="653">
      <marc:subfield code="a">Körpersprache / Persönlichkeit / Ratgeber</marc:subfield>
   </marc:datafield>
   <marc:datafield ind1="0" ind2="0" tag="245">
      <marc:subfield code="a">Bevor das erste Wort gesprochen ist</marc:subfield>
   </marc:datafield>
   <marc:datafield ind1="0" ind2="0" tag="245">
      <marc:subfield code="b">souveräne Körpersprache kommt von innen</marc:subfield>
   </marc:datafield>
   <marc:datafield ind1="0" ind2="0" tag="245">
      <marc:subfield code="c">Brigitte Karner</marc:subfield>
   </marc:datafield>
   <marc:datafield ind1=" " ind2="1" tag="264">
      <marc:subfield code="a">Wien</marc:subfield>
      <marc:subfield code="b">Ueberreuter</marc:subfield>
      <marc:subfield code="c">2019</marc:subfield>
   </marc:datafield>
   <marc:datafield ind1=" " ind2=" " tag="250">
      <marc:subfield code="a">1. Aufl.</marc:subfield>
   </marc:datafield>
   <marc:datafield ind1="1" ind2=" " tag="520">
      <marc:subfield code="a">Noch bevor das erste Wort gesprochen ist, ist schon viel gesagt. Unser Körper spricht, bevor wir zu reden beginnen. In manchen Situationen ist er souverän, in anderen voller Unsicherheiten. Eingelernte Gesten helfen in diesen Situationen nicht. Präsenz und authentische Körpersprache setzen eines voraus: ein gutes Wissen um die eigene Persönlichkeit. Die Schauspielerin Brigitte Karner unterrichtet seit vielen Jahren erfolgreich Schauspielnachwuchs. Ihr Ansatz setzt auf die Entwicklung der eigenen Persönlichkeit und Präsenz: Je mehr ich über mich weiß, desto besser kann ich über mich verfügen. Ihr Bühnen-Erfahrungsschatz ist Alltagshilfe für Ihren täglichen Auftritt, privat und im Beruf. [Verlagsmeldung]</marc:subfield>
   </marc:datafield>
   <marc:datafield ind1=" " ind2=" " tag="020">
      <marc:subfield code="a">9783800077212</marc:subfield>
      <marc:subfield code="9">9783800077212</marc:subfield>
   </marc:datafield>
   <marc:datafield ind1=" " ind2=" " tag="041">
      <marc:subfield code="a">ger</marc:subfield>
   </marc:datafield>
   <marc:datafield ind1=" " ind2=" " tag="300">
      <marc:subfield code="a">118 S.</marc:subfield>
   </marc:datafield>
</marc:record>
